| 000 | 00699cam a22001691 4500 | ||
|---|---|---|---|
| 082 |
_a620.11 _bVOS _cL-36 P-3 |
||
| 100 | 1 |
_aVoss, Walter Charles, _941191 |
|
| 245 | 0 | 0 |
_aEngineering laminates; _bfundamentals underlying the problems of their inhomogeneity. |
| 260 |
_a[n. p., _c1947] |
||
| 300 |
_a34 p. _billus., ports. _c24 cm. |
||
| 500 | _a"Presented before the fiftieth annual meeting of the American Society for Testing Materials [June 18, 1947]" | ||
| 500 | _a"Reprint from the ... Proceedings of the American Society for Testing Materials ... v. 47, 1947." | ||
| 526 |
_a0 _b0 _c0 _d620_110000000000000_VOS |
||
| 650 | 0 |
_aLaminated materials. _941192 |
|
| 650 | 0 |
_aMCE _9379 |
|
| 942 |
_2ddc _cBK |
||
| 999 |
_c545365 _d545365 |
||